[Event "Chigorin Memorial 2018"]
[Site "St. Petersburg"]
[Date "2018.11.01"]
[Round "6"]
[White "Sorokin, Aleksey"]
[Black "Khismatullin, Denis"]
[Result "1/2-1/2"]
[WhiteElo "2525"]
[BlackElo "2617"]
[Annotator "TA"]
[PlyCount "58"]
[EventDate "2018.10.27"]
[EventType "swiss"]
[EventCountry "RUS"]
[SourceTitle "playchess.com"]
[Source "ChessBase"]
[SourceQuality "1"]

1. d4 Nf6 2. c4 d6 3. Nf3 Nbd7 4. Nc3 e5 5. g3 Be7 6. Bg2 O-O 7. O-O c6 8. e4 a6 9. a4 a5 10. h3 Re8 11. Be3 exd4 12. Nxd4 Nc5 13. Qc2 Bf8 14. Rad1 Qb6 15. g4 g6 16. g5 Nh5 17. f4 Be6 18. Nxe6 Rxe6 19. Qf2 f5 20. gxf6 Rxf6 21. f5 Re8 22. Bf3 Ng7 23. Bd4 Rf7 24. Qg2 Qb4 25. Be2 Nb3 26. Bf2 Nc5 27. Bd4 Nb3 28. Bf2 Nc5 29. Bd4 Nb3 1/2-1/2

[Event "Chigorin Memorial 2018"]
[Site "St. Petersburg"]
[Date "2018.11.01"]
[Round "6"]
[White "Gagare, Shardul"]
[Black "Popov, Ivan"]
[Result "1/2-1/2"]
[WhiteElo "2501"]
[BlackElo "2611"]
[Annotator "TA"]
[PlyCount "75"]
[EventDate "2018.10.27"]
[EventType "swiss"]
[EventCountry "RUS"]
[SourceTitle "playchess.com"]
[Source "ChessBase"]
[SourceQuality "1"]

1. d4 Nf6 2. c4 e6 3. Nf3 d5 4. Nc3 dxc4 5. e4 Bb4 6. Bxc4 Nxe4 7. O-O Nxc3 8. bxc3 Be7 9. Ne5 O-O 10. Qg4 Nc6 11. Re1 f5 12. Qf3 Nxe5 13. Rxe5 Kh8 14. Bf4 Bd6 15. Re2 Bxf4 16. Qxf4 Qd6 17. Qxd6 cxd6 18. Bxe6 Re8 19. Rae1 Bxe6 20. Rxe6 Rxe6 21. Rxe6 Rc8 22. Rxd6 Kg8 23. Rd7 Rxc3 24. g3 Ra3 25. Rxb7 Rxa2 26. d5 Rd2 27. Rxa7 Rxd5 28. h4 h5 29. Kg2 Rd3 30. Ra5 g6 31. Ra7 Rb3 32. Ra8+ Kg7 33. Ra7+ Kf6 34. Ra6+ Kg7 35. Ra7+ Kf6 36. Ra6+ Kg7 37. Ra7+ Kf6 38. Ra6+ 1/2-1/2

[Event "Chigorin Memorial 2018"]
[Site "St. Petersburg"]
[Date "2018.11.01"]
[Round "6"]
[White "Yeletsky, Ivan"]
[Black "Kokarev, Dmitry"]
[Result "0-1"]
[WhiteElo "2401"]
[BlackElo "2604"]
[Annotator "TA"]
[PlyCount "74"]
[EventDate "2018.10.27"]
[EventType "swiss"]
[EventCountry "RUS"]
[SourceTitle "playchess.com"]
[Source "ChessBase"]
[SourceQuality "1"]

1. c4 c5 2. Nf3 g6 3. d4 Bg7 4. d5 d6 5. e4 e6 6. Nc3 exd5 7. cxd5 a6 8. a4 Bg4 9. Qb3 Bxf3 10. Qxb7 Bxg2 11. Bxg2 Nd7 12. O-O Qb8 13. Qxb8+ Rxb8 14. Rd1 Ngf6 15. a5 Ke7 16. Bf1 Ra8 17. Rb1 Rhb8 18. b3 h6 19. Ba3 Ng4 20. Na4 Bd4 21. Kg2 f5 22. exf5 gxf5 23. Rxd4 cxd4 24. Re1+ Nde5 25. Nb6 Rg8 26. Nxa8 Ne3+ 27. Kh3 Nf3 28. Be2 Nxe1 29. fxe3 d3 30. Bh5 Rxa8 31. Bb4 Nc2 32. Bd2 Rb8 33. Kg3 Rxb3 34. Kf4 Na3 35. Kxf5 Nc4 36. Be1 d2 37. Bh4+ Kd7 0-1

[Event "Chigorin Memorial 2018"]
[Site "St. Petersburg"]
[Date "2018.11.01"]
[Round "6"]
[White "Nikitenko, Mihail"]
[Black "Ivanisevic, Ivan"]
[Result "1/2-1/2"]
[WhiteElo "2389"]
[BlackElo "2583"]
[Annotator "TA"]
[PlyCount "126"]
[EventDate "2018.10.27"]
[EventType "swiss"]
[EventCountry "RUS"]
[SourceTitle "playchess.com"]
[Source "ChessBase"]
[SourceQuality "1"]

1. c4 e5 2. g3 d6 3. Bg2 f5 4. Nc3 Nf6 5. d3 Be7 6. e4 O-O 7. Nge2 c6 8. O-O Na6 9. h3 fxe4 10. dxe4 Be6 11. b3 b5 12. cxb5 cxb5 13. g4 b4 14. Nd5 Nxd5 15. exd5 Bd7 16. Be3 Bg5 17. f4 exf4 18. Nxf4 Bb5 19. Rf3 Bxf4 20. Bxf4 Nc5 21. Qd4 Nd3 22. Bg3 Rxf3 23. Bxf3 Qc7 24. Be4 Nc1 25. Qxb4 Rf8 26. Kh2 Ne2 27. Bxd6 Rf2+ 28. Bg2 Qc2 29. Qc5 Rxg2+ 30. Kxg2 Nc3+ 31. Kh1 Qe4+ 32. Kg1 Ne2+ 33. Kf2 Nd4 34. Re1 Qf3+ 35. Kg1 Ne2+ 36. Kh2 Bd7 37. Qxa7 h5 38. Rxe2 Qxe2+ 39. Kg1 Qd1+ 40. Kf2 Qd2+ 41. Kg3 h4+ 42. Kxh4 Qh6+ 43. Kg3 Qxd6+ 44. Kh4 Qe7+ 45. Kg3 Qe5+ 46. Kf2 Qxd5 47. Qe3 Bc6 48. a4 Kh7 49. Ke1 Bb7 50. Ke2 Ba6+ 51. Kf2 Bd3 52. b4 Be4 53. a5 Qc4 54. Qc5 Qa2+ 55. Ke3 Bg6 56. Qc3 Qh2 57. Kd4 Qd6+ 58. Ke3 Qg3+ 59. Kd2 Qf2+ 60. Kc1 Qg1+ 61. Kd2 Qf2+ 62. Kc1 Qg1+ 63. Kd2 Qf2+ 1/2-1/2

[Event "Chigorin Memorial 2018"]
[Site "St. Petersburg"]
[Date "2018.11.01"]
[Round "6.13"]
[White "Bocharov, Dmitry"]
[Black "Kazakovskiy, Valeriy"]
[Result "1-0"]
[WhiteElo "2557"]
[BlackElo "2405"]
[Annotator "TA"]
[PlyCount "91"]
[EventDate "2018.10.27"]
[EventType "swiss"]
[EventCountry "RUS"]
[WhiteTeam "Russland"]
[BlackTeam "Weißrussland"]
[WhiteTeamCountry "RUS"]
[BlackTeamCountry "BLR"]

1. d4 Nf6 2. c4 e6 3. Nc3 Bb4 4. Qc2 d5 5. cxd5 Qxd5 6. e3 e5 7. Bd2 Bxc3 8. bxc3 O-O 9. Nf3 exd4 10. cxd4 Nc6 11. Be2 Bf5 12. Qb2 Nd8 13. O-O Ne6 14. Rfc1 Be4 15. Ne1 b6 16. f3 Bg6 17. Bc4 Qd6 18. Rd1 Rfe8 19. Rac1 c6 20. Bb4 Qd7 21. e4 Rad8 22. Bc3 Nxe4 23. fxe4 Bxe4 24. Nd3 Bd5 25. Ne5 Qb7 26. Bf1 Ng5 27. Be1 f6 28. Nd3 Qd7 29. Nf4 Be4 30. Bg3 Qf5 31. Bc4+ Kh8 32. h4 Qg4 33. Qf2 Bc2 34. hxg5 Bxd1 35. gxf6 gxf6 36. Ne6 Rxe6 37. Bxe6 Qxe6 38. Rxd1 Kg7 39. Bh4 Rd6 40. Re1 Qg4 41. Re7+ Kg6 42. Qc2+ f5 43. Bf2 Kf6 44. Rxa7 c5 45. Qb3 Re6 46. dxc5 1-0

[Event "Chigorin Memorial 2018"]
[Site "St. Petersburg"]
[Date "2018.11.01"]
[Round "6.14"]
[White "Pesotskiy, Mikhail"]
[Black "Sengupta, Deep"]
[Result "0-1"]
[WhiteElo "2205"]
[BlackElo "2557"]
[PlyCount "90"]
[EventDate "2018.10.27"]
[EventType "swiss"]
[EventCountry "RUS"]
[WhiteTeam "Russland"]
[BlackTeam "Indien"]
[WhiteTeamCountry "RUS"]
[BlackTeamCountry "IND"]

1. Nf3 Nf6 2. c4 b6 3. g3 Bb7 4. Bg2 g6 5. b3 Bg7 6. Bb2 O-O 7. O-O d6 8. d4 c5 9. Nc3 Na6 10. Re1 cxd4 11. Nxd4 Bxg2 12. Kxg2 Nc5 13. e4 Qd7 14. f3 Qb7 15. Qd2 Rac8 16. Rad1 a6 17. Qe2 Ne8 18. Ba1 e6 19. Nc2 Nd7 20. Ne3 b5 21. Rc1 b4 22. Ncd1 f5 23. exf5 gxf5 24. Nf2 Bxa1 25. Rxa1 Ne5 26. Nd3 Nc6 27. Nf4 Ng7 28. Nc2 a5 29. Rad1 e5 30. Nd5 Ne6 31. f4 Qg7 32. Kh1 Rce8 33. Qg2 Nc5 34. Nde3 e4 35. Rxd6 Qc7 36. Rd2 Nd3 37. Red1 Qa7 38. Qg1 a4 39. Ne1 axb3 40. axb3 Nc5 41. Rd6 Qc7 42. Ng4 e3 43. Nxe3 Na5 44. Nf3 Ne4 45. Ne5 Nxd6 0-1

[Event "Chigorin Memorial 2018"]
[Site "St. Petersburg"]
[Date "2018.11.01"]
[Round "6.15"]
[White "Schekachikhin, Maksim"]
[Black "Tsydypov, Zhamsaran"]
[Result "1-0"]
[WhiteElo "2370"]
[BlackElo "2530"]
[Annotator "TA"]
[PlyCount "81"]
[EventDate "2018.10.27"]
[EventType "swiss"]
[EventCountry "RUS"]
[WhiteTeam "Russland"]
[BlackTeam "Russland"]
[WhiteTeamCountry "RUS"]
[BlackTeamCountry "RUS"]

1. d4 f5 2. Bf4 Nf6 3. e3 d6 4. h3 g6 5. Nf3 Bg7 6. Bc4 c6 7. a4 Na6 8. O-O Nc7 9. Nbd2 Be6 10. Qe2 O-O 11. Bh2 Bd5 12. Bd3 Kh8 13. Rfe1 Qd7 14. c4 Be4 15. b4 a6 16. Ng5 Bxd3 17. Qxd3 b5 18. c5 Ncd5 19. axb5 axb5 20. Rxa8 Rxa8 21. e4 fxe4 22. Ndxe4 Nxb4 23. Qb3 Nbd5 24. cxd6 Nxe4 25. Nxe4 exd6 26. Qd1 Bf8 27. Qf3 Re8 28. Rc1 Qe6 29. Rxc6 Qd7 30. Rc1 Bh6 31. Nxd6 Bxc1 32. Nxe8 Bf4 33. Bxf4 Nxf4 34. Qxf4 Qxe8 35. d5 Kg8 36. d6 Qd7 37. h4 Qd8 38. g3 Kg7 39. Kf1 Qa8 40. Qe5+ Kg8 41. Qe6+ 1-0

[Event "Chigorin Memorial 2018"]
[Site "St. Petersburg"]
[Date "2018.11.01"]
[Round "6.16"]
[White "Shirshov, Nikolay"]
[Black "Levin, Evgeny A."]
[Result "0-1"]
[WhiteElo "2040"]
[BlackElo "2523"]
[Annotator "TA"]
[PlyCount "74"]
[EventDate "2018.10.27"]
[EventType "swiss"]
[EventCountry "RUS"]
[WhiteTeam "Russland"]
[BlackTeam "Russland"]
[WhiteTeamCountry "RUS"]
[BlackTeamCountry "RUS"]

1. c4 Nf6 2. Nc3 e5 3. Nf3 Nc6 4. g3 d5 5. cxd5 Nxd5 6. Bg2 Nb6 7. O-O Be7 8. Rb1 O-O 9. b4 f6 10. a3 Be6 11. d3 a5 12. b5 Nd4 13. Nxd4 exd4 14. Na4 Bd5 15. Nxb6 cxb6 16. Qa4 Bc5 17. Rb2 Bxg2 18. Kxg2 Qd5+ 19. f3 Rfe8 20. Rc2 Re6 21. Bb2 Rae8 22. Rf2 f5 23. Qc4 Qd7 24. a4 Kh8 25. Bc1 Rc8 26. Bb2 Ree8 27. Rf1 Bb4 28. Qb3 Rxc2 29. Qxc2 Rc8 30. Qb3 Bd2 31. Qa2 Be3 32. Qa1 Rc2 33. Re1 Qd5 34. Qa3 h6 35. Kf1 Bd2 36. Qf8+ Kh7 37. Rb1 Bb4 0-1

[Event "Chigorin Memorial 2018"]
[Site "St. Petersburg"]
[Date "2018.11.01"]
[Round "6.17"]
[White "Karasev, Vladimir I"]
[Black "Maghsoodloo, Parham"]
[Result "0-1"]
[WhiteElo "2338"]
[BlackElo "2685"]
[Annotator "TA"]
[PlyCount "54"]
[EventDate "2018.10.27"]
[EventType "swiss"]
[EventCountry "RUS"]
[WhiteTeam "Russland"]
[BlackTeam "Iran"]
[WhiteTeamCountry "RUS"]
[BlackTeamCountry "IRI"]

1. e4 c5 2. Nf3 Nc6 3. Bb5 e6 4. Bxc6 bxc6 5. O-O Ne7 6. d3 Ng6 7. Re1 Be7 8. e5 f6 9. Nc3 Qc7 10. Qe2 O-O 11. exf6 gxf6 12. Bh6 Rf7 13. Ne4 d5 14. Ng3 e5 15. h3 Bd7 16. c4 Kh8 17. Nh5 Rg8 18. Kh1 Qc8 19. g4 Bf8 20. Bxf8 Qxf8 21. Rg1 h6 22. Rac1 Kh7 23. Rce1 f5 24. Nxe5 Nxe5 25. Qxe5 fxg4 26. hxg4 Bxg4 27. f4 Qd8 0-1

[Event "Chigorin Memorial 2018"]
[Site "St. Petersburg"]
[Date "2018.11.01"]
[Round "6.18"]
[White "Alekseenko, Kirill"]
[Black "Suleymenov, Alisher"]
[Result "1-0"]
[WhiteElo "2639"]
[BlackElo "2331"]
[Annotator "TA"]
[PlyCount "75"]
[EventDate "2018.10.27"]
[EventType "swiss"]
[EventCountry "RUS"]
[WhiteTeam "Russland"]
[BlackTeam "Kasachstan"]
[WhiteTeamCountry "RUS"]
[BlackTeamCountry "KAZ"]

1. e4 c5 2. Nf3 Nc6 3. d4 cxd4 4. Nxd4 Nf6 5. Nc3 d6 6. Bg5 Bd7 7. Qd2 Rc8 8. O-O-O Nxd4 9. Qxd4 Qa5 10. f4 Rxc3 11. bxc3 e5 12. Qb4 Qxb4 13. cxb4 Nxe4 14. Bh4 g5 15. fxg5 Be7 16. Bc4 h6 17. Rhf1 Be6 18. Bxe6 fxe6 19. c4 hxg5 20. Bg3 b5 21. c5 Nxg3 22. hxg3 dxc5 23. Rde1 Rh2 24. Rxe5 cxb4 25. Rxe6 Kd7 26. Re5 Bd6 27. Rd1 g4 28. Rg5 Rh6 29. Rxg4 Kc6 30. Rg8 a5 31. Kb1 Be5 32. g4 Rh2 33. Rg6+ Kc7 34. Rd5 Rh1+ 35. Kc2 Bf4 36. Rf5 Bd6 37. Rf7+ Kc6 38. Rff6 1-0

[Event "Chigorin Memorial 2018"]
[Site "St. Petersburg"]
[Date "2018.11.01"]
[Round "6.19"]
[White "Yeritsyan, Aram"]
[Black "Lobanov, Sergei"]
[Result "0-1"]
[WhiteElo "2325"]
[BlackElo "2539"]
[Annotator "TA"]
[PlyCount "87"]
[EventDate "2018.10.27"]
[EventType "swiss"]
[EventCountry "RUS"]
[WhiteTeam "Russland"]
[BlackTeam "Russland"]
[WhiteTeamCountry "RUS"]
[BlackTeamCountry "RUS"]

1. e4 c5 2. Nf3 d6 3. d4 Nf6 4. Nc3 cxd4 5. Nxd4 a6 6. Be3 e6 7. a4 Qc7 8. Be2 b6 9. f4 Bb7 10. Bf3 Nbd7 11. Qe2 e5 12. Nb3 Be7 13. O-O exf4 14. Bxf4 Ne5 15. Nd4 g6 16. Bh6 Bf8 17. Bxf8 Kxf8 18. Qe3 h6 19. Be2 Kg7 20. Qf4 Qe7 21. Qg3 Nxe4 22. Nxe4 Bxe4 23. Rf4 Qb7 24. Raf1 Rhe8 25. Bd3 Bxd3 26. cxd3 Qd5 27. Nf5+ Kh7 28. Rd4 Qc5 29. b4 Qc3 30. Qf4 gxf5 31. Qxf5+ Kg8 32. Rxd6 Rad8 33. Rxh6 Qd4+ 34. Kh1 Rd6 35. Qh7+ Kf8 36. Rh4 Qd5 37. Rh5 Rg6 38. Qh8+ Rg8 39. Qh6+ Ke7 40. Rf3 Kd7 41. Qxb6 Rc8 42. Qg1 Rxg2 43. Rxf7+ Ke8 44. Qxg2 0-1

[Event "Chigorin Memorial 2018"]
[Site "St. Petersburg"]
[Date "2018.11.01"]
[Round "6.20"]
[White "Burmakin, Vladimir"]
[Black "Oglaza, Oskar"]
[Result "1-0"]
[WhiteElo "2523"]
[BlackElo "2310"]
[Annotator "TA"]
[PlyCount "111"]
[EventDate "2018.10.27"]
[EventType "swiss"]
[EventCountry "RUS"]
[WhiteTeam "Russland"]
[BlackTeam "Polen"]
[WhiteTeamCountry "RUS"]
[BlackTeamCountry "POL"]

1. Nf3 Nf6 2. g3 g6 3. b3 Bg7 4. Bb2 O-O 5. Bg2 d6 6. d4 Nbd7 7. O-O e5 8. dxe5 Ng4 9. c4 Re8 10. Nc3 dxe5 11. Nd2 Nc5 12. Nde4 Qxd1 13. Rfxd1 Nxe4 14. Nxe4 Rb8 15. h3 Nf6 16. Nc3 c6 17. Rd2 Bf8 18. Rad1 h5 19. a3 Bf5 20. e4 Be6 21. Ne2 Bg7 22. Nc1 Nh7 23. Nd3 f6 24. Nc5 Nf8 25. Rd6 Bf7 26. f4 b6 27. Na6 Rbc8 28. f5 b5 29. Bf1 Nh7 30. h4 gxf5 31. exf5 e4 32. Nb4 a5 33. Nxc6 Bf8 34. cxb5 Bxb3 35. R1d4 Bxd6 36. Rxd6 e3 37. Be2 Ba4 38. Kf1 Rc7 39. Bc3 Rb7 40. Nd4 Rc7 41. Bxa5 Rc1+ 42. Kg2 Bd1 43. Bb4 Bxe2 44. Nxe2 Rc2 45. Kf3 Re5 46. b6 Rxf5+ 47. Ke4 Rb5 48. Kd3 Rb2 49. Nd4 e2 50. Nxe2 Kf7 51. Nd4 R5xb4 52. axb4 Rxb4 53. Rd7+ Kg6 54. b7 Nf8 55. Re7 Rb6 56. Nc6 1-0

[Event "Chigorin Memorial 2018"]
[Site "St. Petersburg"]
[Date "2018.11.01"]
[Round "6.21"]
[White "Khanin, Semen"]
[Black "Tahay, Alexis"]
[Result "1-0"]
[WhiteElo "2510"]
[BlackElo "2312"]
[Annotator "TA"]
[PlyCount "27"]
[EventDate "2018.10.27"]
[EventType "swiss"]
[EventCountry "RUS"]
[WhiteTeam "Russland"]
[BlackTeam "Frankreich"]
[WhiteTeamCountry "RUS"]
[BlackTeamCountry "FRA"]

1. e4 c5 2. Nf3 d6 3. d4 cxd4 4. Nxd4 Nf6 5. Nc3 a6 6. h4 e5 7. Nb3 Be6 8. f4 Nbd7 9. f5 Bxb3 10. axb3 d5 11. Nxd5 Nxe4 12. Bc4 Ng3 13. Bg5 Qc8 14. Nc7+ 1-0

[Event "Chigorin Memorial 2018"]
[Site "St. Petersburg"]
[Date "2018.11.01"]
[Round "6.22"]
[White "Afanasiev, Nikita"]
[Black "Andreev, Konstantin"]
[Result "1-0"]
[WhiteElo "2487"]
[BlackElo "2265"]
[Annotator "TA"]
[PlyCount "57"]
[EventDate "2018.10.27"]
[EventType "swiss"]
[EventCountry "RUS"]
[WhiteTeam "Russland"]
[BlackTeam "Russland"]
[WhiteTeamCountry "RUS"]
[BlackTeamCountry "RUS"]

1. e4 e5 2. Nf3 Nc6 3. Bc4 Nf6 4. d3 h6 5. c3 d6 6. Nbd2 g5 7. b4 g4 8. Ng1 d5 9. exd5 Nxd5 10. Ne4 Be6 11. Bxd5 Bxd5 12. Qxg4 Be6 13. Qg3 Bxb4 14. cxb4 Nxb4 15. Ne2 Nxd3+ 16. Kf1 Nc5 17. N4c3 Qd6 18. Ba3 O-O-O 19. Qe3 b6 20. f3 f5 21. Bxc5 bxc5 22. Kf2 e4 23. Rad1 Qe5 24. f4 Qf6 25. Qxc5 Qh4+ 26. Ke3 Rxd1 27. Rxd1 Qxh2 28. Nb5 Rh7 29. Nxa7+ 1-0

[Event "Chigorin Memorial 2018"]
[Site "St. Petersburg"]
[Date "2018.11.01"]
[Round "6.23"]
[White "Drygalov, Andrey"]
[Black "Ibadov, Dashgyn"]
[Result "1/2-1/2"]
[WhiteElo "2477"]
[BlackElo "2270"]
[Annotator "TA"]
[PlyCount "126"]
[EventDate "2018.10.27"]
[EventType "swiss"]
[EventCountry "RUS"]
[WhiteTeam "Russland"]
[BlackTeam "Russland"]
[WhiteTeamCountry "RUS"]
[BlackTeamCountry "RUS"]

1. c4 Nf6 2. Nc3 c5 3. g3 e6 4. Nf3 b6 5. Bg2 Bb7 6. O-O Be7 7. d4 cxd4 8. Qxd4 d6 9. Rd1 a6 10. b3 Nbd7 11. Bb2 O-O 12. e4 Qc7 13. Qe3 Rac8 14. Rac1 Rfe8 15. Nd4 Qb8 16. h3 Bf8 17. Re1 g6 18. Rcd1 Bg7 19. Qd2 Nc5 20. Ba1 Qa8 21. f3 Qb8 22. Qf2 Nh5 23. Nde2 Red8 24. g4 Nf6 25. Ng3 b5 26. b4 Ncd7 27. cxb5 Nxg4 28. hxg4 Rxc3 29. Ne2 Rc4 30. Bxg7 Kxg7 31. bxa6 Bxa6 32. a3 Ne5 33. Nd4 Rc3 34. b5 Bb7 35. Qb2 Qc7 36. Kh1 Kg8 37. Nc6 Rc5 38. Nxd8 Qxd8 39. Kg1 Qf6 40. Qf2 Rxb5 41. Re3 g5 42. Qe2 Rb2 43. Rd2 Rb1+ 44. Rd1 Rb2 45. Rd2 Rb1+ 46. Rd1 Ba6 47. Qe1 Rb2 48. Rd2 Rb6 49. Rd1 Qf4 50. Qf2 Nc4 51. Re2 Rb3 52. Rde1 Ne5 53. Re3 Nd3 54. Qc2 Rb2 55. Qc3 Qg3 56. R3e2 Rxe2 57. Rxe2 Nf4 58. Rb2 Ne2+ 59. Rxe2 Bxe2 60. Qd2 Bxf3 61. Qxg5+ Kf8 62. Qd8+ Kg7 63. Qg5+ Kf8 1/2-1/2

[Event "Chigorin Memorial 2018"]
[Site "St. Petersburg"]
[Date "2018.11.01"]
[Round "6.24"]
[White "Nebolsina, Vera"]
[Black "Mikaelyan, Arman"]
[Result "0-1"]
[WhiteElo "2220"]
[BlackElo "2477"]
[Annotator "TA"]
[PlyCount "78"]
[EventDate "2018.10.27"]
[EventType "swiss"]
[EventCountry "RUS"]
[WhiteTeam "Russland"]
[BlackTeam "Armenien"]
[WhiteTeamCountry "RUS"]
[BlackTeamCountry "ARM"]

1. e4 Nf6 2. e5 Nd5 3. d4 d6 4. Nf3 g6 5. Be2 Bg7 6. O-O O-O 7. h3 Nc6 8. c4 Nb6 9. exd6 cxd6 10. Nc3 Bf5 11. Be3 d5 12. c5 Nc4 13. Bc1 b6 14. b3 bxc5 15. bxc4 cxd4 16. Nxd5 d3 17. Bxd3 Bxd3 18. Qxd3 Bxa1 19. Bh6 Bg7 20. Bxg7 Kxg7 21. Qc3+ f6 22. Ng5 Qd7 23. f4 Kg8 24. Rd1 Qc8 25. Ne4 Rb8 26. Re1 Rf7 27. g4 Qb7 28. g5 Qb2 29. Qxb2 Rxb2 30. gxf6 exf6 31. Nexf6+ Kg7 32. Ne8+ Kh6 33. Re4 Rd2 34. f5 Rxf5 35. Ne3 Rf7 36. h4 Kh5 37. Nd5 g5 38. Nef6+ Kg6 39. h5+ Kf5 0-1

[Event "Chigorin Memorial 2018"]
[Site "St. Petersburg"]
[Date "2018.11.01"]
[Round "6.25"]
[White "Nigmatov, Ortik"]
[Black "Bhambure, Shantanu"]
[Result "1-0"]
[WhiteElo "2456"]
[BlackElo "2243"]
[Annotator "TA"]
[PlyCount "147"]
[EventDate "2018.10.27"]
[EventType "swiss"]
[EventCountry "RUS"]
[WhiteTeam "Usbekistan"]
[BlackTeam "Indien"]
[WhiteTeamCountry "UZB"]
[BlackTeamCountry "IND"]

1. e4 e5 2. Nf3 Nc6 3. Bb5 a6 4. Ba4 Nf6 5. Bxc6 dxc6 6. d3 Bd6 7. Nbd2 O-O 8. Nc4 Nd7 9. O-O c5 10. g3 f6 11. Nh4 Nb8 12. f4 exf4 13. gxf4 f5 14. Ng2 Nc6 15. c3 Be6 16. Nce3 Be7 17. exf5 Bf7 18. Ng4 Qd6 19. Nf2 Rad8 20. Qg4 Kh8 21. Be3 Bg8 22. Bd2 Qf6 23. Ne3 Qh4 24. Qf3 Qh6 25. a3 Bh4 26. Nfg4 Qd6 27. Be1 Be7 28. Rd1 h6 29. Bg3 Bh7 30. Ne5 Bxf5 31. Nxf5 Rxf5 32. Qg4 Rf6 33. Rde1 Nxe5 34. Rxe5 Rg6 35. Qe2 Bh4 36. Rf3 Rf8 37. Re8 Rxe8 38. Qxe8+ Kh7 39. Qe4 Qc6 40. Qxc6 bxc6 41. Kf2 Bxg3+ 42. hxg3 Rd6 43. Re3 Kg6 44. Ke2 Kf6 45. Kf3 Rd8 46. c4 Rb8 47. Re5 Rb3 48. Ke3 Rxb2 49. Rxc5 Rb6 50. a4 a5 51. Rxa5 Ke6 52. Ra7 Kd6 53. Ra8 Rb1 54. Rg8 Re1+ 55. Kd2 Re7 56. d4 c5 57. d5 Re4 58. Kd3 Re1 59. Rxg7 Ra1 60. Rg6+ Kd7 61. Rxh6 Ra3+ 62. Ke4 Rxg3 63. Rc6 Ra3 64. Rxc5 Rxa4 65. Rc6 Ra1 66. Kf5 Rg1 67. Kf6 Rg2 68. f5 Rg4 69. Kf7 Rg1 70. f6 Rg2 71. Kf8 Rg1 72. f7 Rg2 73. Re6 Rg4 74. c5 1-0

[Event "Chigorin Memorial 2018"]
[Site "St. Petersburg"]
[Date "2018.11.01"]
[Round "6.26"]
[White "Nandhidhaa, P V"]
[Black "Savitskiy, Sergey"]
[Result "0-1"]
[WhiteElo "2212"]
[BlackElo "2413"]
[Annotator "TA"]
[PlyCount "68"]
[EventDate "2018.10.27"]
[EventType "swiss"]
[EventCountry "RUS"]
[WhiteTeam "Indien"]
[BlackTeam "Russland"]
[WhiteTeamCountry "IND"]
[BlackTeamCountry "RUS"]

1. e4 c5 2. Nf3 d6 3. d4 Nf6 4. Nc3 cxd4 5. Nxd4 Nc6 6. f3 e6 7. Be3 Be7 8. Qd2 O-O 9. g4 Nd7 10. O-O-O Nde5 11. Be2 Nxd4 12. Qxd4 Nc6 13. Qd2 a6 14. g5 b5 15. Kb1 Rb8 16. f4 Bd7 17. Bd3 Qc7 18. h4 Rfc8 19. h5 b4 20. Ne2 b3 21. cxb3 Nb4 22. Rc1 Qb7 23. Rxc8+ Rxc8 24. Nc3 Nxd3 25. Qxd3 Rxc3 26. bxc3 Bc6 27. Qd4 Bxe4+ 28. Kb2 Bxh1 29. h6 gxh6 30. gxh6 Bf8 31. Bd2 Qd5 32. Qg1+ Qg2 33. Qd4 e5 34. fxe5 Bxh6 0-1

[Event "Chigorin Memorial 2018"]
[Site "St. Petersburg"]
[Date "2018.11.01"]
[Round "6.27"]
[White "Ofitserian, Boris"]
[Black "Nikologorsky, Matfei"]
[Result "0-1"]
[WhiteElo "2411"]
[BlackElo "2235"]
[Annotator "TA"]
[PlyCount "46"]
[EventDate "2018.10.27"]
[EventType "swiss"]
[EventCountry "RUS"]
[WhiteTeam "Russland"]
[BlackTeam "Russland"]
[WhiteTeamCountry "RUS"]
[BlackTeamCountry "RUS"]

1. c4 e5 2. d3 Nf6 3. Nf3 Nc6 4. a3 d5 5. cxd5 Nxd5 6. e3 a5 7. Be2 Be7 8. O-O O-O 9. Qc2 Be6 10. Nc3 f5 11. Na4 Qd6 12. Bd2 g5 13. Rfc1 g4 14. Ne1 Rad8 15. Nc5 Bc8 16. Rab1 f4 17. Qb3 Qf6 18. Ne4 Qf7 19. Qd1 Bf5 20. Nc5 fxe3 21. Bxe3 Nxe3 22. fxe3 Bg6 23. Qb3 Rd5 0-1

[Event "Chigorin Memorial 2018"]
[Site "St. Petersburg"]
[Date "2018.11.01"]
[Round "6.28"]
[White "Vlasenko, Miroslav"]
[Black "Tarasov, Ilya"]
[Result "1-0"]
[WhiteElo "2411"]
[BlackElo "2211"]
[Annotator "TA"]
[PlyCount "120"]
[EventDate "2018.10.27"]
[EventType "swiss"]
[EventCountry "RUS"]
[WhiteTeam "Russland"]
[BlackTeam "Russland"]
[WhiteTeamCountry "RUS"]
[BlackTeamCountry "RUS"]

1. d4 d6 2. Nf3 Nf6 3. c4 c6 4. Nc3 Bf5 5. Nh4 e6 6. Nxf5 exf5 7. Qd3 g6 8. Bf4 Bg7 9. Qe3+ Kf8 10. h3 d5 11. c5 b6 12. cxb6 axb6 13. g4 fxg4 14. hxg4 Nxg4 15. Qg3 h5 16. f3 Nf6 17. Bc7 Qe8 18. Bxb6 Nfd7 19. Qc7 Nxb6 20. Qxb6 Ra6 21. Qb4+ Kg8 22. e4 Ra7 23. O-O-O Nd7 24. exd5 cxd5 25. Nxd5 Rxa2 26. Ne7+ Kh7 27. Rxh5+ Bh6+ 28. Kc2 Qb8 29. Qxb8 Rxb8 30. Rb5 Rxb5 31. Bxb5 Nb6 32. Kb3 Ra5 33. Kb4 Ra2 34. Kc5 Na4+ 35. Bxa4 Bf8 36. Kb4 Rxb2+ 37. Kc3 Rf2 38. Nc8 Rxf3+ 39. Kc4 Ra3 40. Bc6 f5 41. d5 f4 42. d6 Bxd6 43. Rxd6 g5 44. Be4+ Kh8 45. Rh6+ Kg7 46. Rg6+ Kf7 47. Nd6+ Ke7 48. Nf5+ Kf7 49. Nh6+ Ke7 50. Rxg5 Rh3 51. Ng4 Rg3 52. Re5+ Kd6 53. Rd5+ Ke7 54. Ne5 Re3 55. Kd4 Re1 56. Ng6+ Kf6 57. Nxf4 Ra1 58. Rf5+ Ke7 59. Nd5+ Kd6 60. Rf6+ Kd7 1-0

[Event "Chigorin Memorial 2018"]
[Site "St. Petersburg"]
[Date "2018.11.01"]
[Round "6.29"]
[White "Smirnov, Artem"]
[Black "Pierecker, Markus"]
[Result "1/2-1/2"]
[WhiteElo "2405"]
[BlackElo "2180"]
[PlyCount "56"]
[EventDate "2018.10.27"]
[EventType "swiss"]
[EventCountry "RUS"]
[WhiteTeam "Russland"]
[BlackTeam "Österreich"]
[WhiteTeamCountry "RUS"]
[BlackTeamCountry "AUT"]

1. d4 Nf6 2. c4 e6 3. Nc3 Bb4 4. e3 b6 5. Nf3 Bb7 6. Bd3 O-O 7. O-O d5 8. cxd5 exd5 9. Ne5 Nbd7 10. f4 Ne4 11. Nxe4 dxe4 12. Bc4 Qe7 13. a3 Bd6 14. b4 c6 15. Bb2 b5 16. Nxd7 Qxd7 17. Bb3 Qe7 18. Qg4 Kh8 19. f5 f6 20. Be6 Bc8 21. Rac1 Bxe6 22. fxe6 f5 23. Rxf5 Rxf5 24. Qxf5 Rf8 25. Qxe4 Qf6 26. Qf3 Qh6 27. Qh3 Qf6 28. Qf3 Qh6 1/2-1/2

[Event "Chigorin Memorial 2018"]
[Site "St. Petersburg"]
[Date "2018.11.01"]
[Round "6.30"]
[White "Popov, Mikhail"]
[Black "Stukan, Martin"]
[Result "1-0"]
[WhiteElo "2394"]
[BlackElo "2173"]
[PlyCount "41"]
[EventDate "2018.10.27"]
[EventType "swiss"]
[EventCountry "RUS"]
[WhiteTeam "Russland"]
[BlackTeam "Russland"]
[WhiteTeamCountry "RUS"]
[BlackTeamCountry "RUS"]

1. c4 e5 2. g3 Nf6 3. Bg2 d5 4. cxd5 Nxd5 5. Nf3 Nc6 6. O-O Nb6 7. b3 g6 8. Nc3 Bg7 9. Ba3 Ne7 10. Rc1 O-O 11. Nb5 Bd7 12. Nxc7 Rc8 13. d4 exd4 14. Nxd4 Bxd4 15. Bxe7 Qxe7 16. Qxd4 Qxe2 17. Bxb7 Rcd8 18. Qa1 Bg4 19. Rce1 Qd2 20. a4 Rd6 21. Ne8 1-0

[Event "Chigorin Memorial 2018"]
[Site "St. Petersburg"]
[Date "2018.11.01"]
[Round "6.31"]
[White "Melnikov, Dmitry"]
[Black "Badelka, Olga"]
[Result "1/2-1/2"]
[WhiteElo "2207"]
[BlackElo "2394"]
[PlyCount "45"]
[EventDate "2018.10.27"]
[EventType "swiss"]
[EventCountry "RUS"]
[WhiteTeam "Russland"]
[BlackTeam "Weißrussland"]
[WhiteTeamCountry "RUS"]
[BlackTeamCountry "BLR"]

1. e4 c5 2. b3 Nc6 3. Bb2 e5 4. Bc4 Be7 5. Nc3 Nf6 6. d3 a6 7. a4 O-O 8. Nge2 d6 9. O-O Rb8 10. Nd5 Nxd5 11. Bxd5 Nb4 12. c4 Nxd5 13. cxd5 Bg5 14. f4 exf4 15. Nxf4 f6 16. d4 Re8 17. Qd3 cxd4 18. Bxd4 Qe7 19. Rae1 Bd7 20. Qg3 Kh8 21. Nh5 Rf8 22. h4 Bh6 23. Qf3 1/2-1/2